000 00452nam a2200157 a 4500
001 4012645
005 20231126235516.0
008 960321s1995 ce ab f000 0 eng
020 _a9555771472
040 _aDLC
_cDLC
082 _222
_a305.4
245 0 0 _aWomen & men in Sri Lanka.
260 _aSri Lanka :
_bDept. of Census and Statistics, Ministry of Finance, Planning, Ethnic Affairs & National Integration,
_c1995.
300 _a101 p. :
942 _cL
999 _c81
_d81